00468nam a2200157 a 450000500170000000800410001702000150005805000250007310000210009824500590011926000470017830000210022552100080024665000320025470000240028620140310183333.0060901s19uu xx 00 eng d a0471402400 aGT 3405 b.Ot76 2002 aO'Toole, William aCorporate event project management /cWilliam O'Toole. aNew York :bJohn Wiley & Sons, Inc,c2002. a285 p. :c25 cm. aTOU aSpecial eventsxManagement. aMikolaitis, Phyllis